| 000 | 00514ntaaa2200193 4500 | ||
|---|---|---|---|
| 003 | 01 | ||
| 005 | 20251027202338.0 | ||
| 008 | 0714s1973 ag 01 | ||
| 040 |
_aAR-BaBN _bspa _cAR-BaBN _eaacr _dRIC |
||
| 082 | _a296.3800 D34 | ||
| 100 |
_ade Sola Pool, David _922090 |
||
| 245 | _aSé tú mismo | ||
| 250 | _a1 ed. | ||
| 260 |
_aBuenos Aires : _bEditorial Candelabro, _c1959 |
||
| 300 | _a187 p | ||
| 500 | _aConocimiento del judaísmo, su tradición, costumbres, fe. | ||
| 650 |
_aJudios _910184 |
||
| 942 | _cBK | ||
| 999 |
_c18318 _d18318 |
||